000
00219nam a22001097a 4500
020
_a
0-56987-326-7
082
_a
823
_b
DAN/H
100
_a
DANDI
245
_a
HALLOWEEN NIGHT
650
_a
ENGLISH SHORT STORY
942
_c
BK
999
_c
2672
_d
2672